[Event "II Criciúma Chess Open - A1700 - 12-18"]
[Site "Criciúma SC"]
[Date "2024.01.14"]
[Round "4.12"]
[White "Bueno, Alfeu Junior Varela"]
[Black "Woichinevski, Joao Vinicius Peru"]
[Result "1-0"]
[WhiteElo "2156"]
[BlackElo "1747"]
[PlyCount "51"]
[EventDate "2024.01.12"]
[EventRounds "9"]
[EventCountry "BRA"]

1. e4 e5 2. Nf3 Nc6 3. Bc4 Nf6 4. d3 Bc5 5. O-O d6 6. h3 h6 7. c3 a6 8. d4 exd4
9. cxd4 Ba7 10. Nc3 O-O 11. Re1 b5 ({RR} 11... Ne7 12. Be3 c6 ({RR} 12... Ng6
13. e5 Nh5 14. Qd2 dxe5 15. dxe5 Bxe3 16. Qxe3 Nhf4 17. Qe4 Kh8 18. Nd5 Nxd5
19. Bxd5 c6 20. Bxf7 Ne7 21. e6 Qb6 22. b3 Qc7 23. Qe5 Qb6 24. Re4 Bxe6 25.
Qxe6 Nd5 26. Ne5) 13. d5 Bxe3 14. Rxe3 b5 15. Bb3 c5 16. a3 Ng6 17. e5 dxe5 18.
Nxe5 Nxe5 19. Rxe5 c4 20. Bc2 Bb7 21. Be4 Qd6 22. Qd4 Rfe8 23. f4 Nd7 24. Rxe8+
Rxe8 25. Re1 Nf6 26. Kf2) 12. Bb3 b4 $146 ({RR} 12... Na5 13. Bc2 c5 14. Bf4
cxd4 15. Nxd4 Qb6 16. Be3 Nc4 17. Nf5 Nxe3 18. Nxe3 Re8 19. Qd3 Re5 20. f4 Re7
21. Kh1 Bb7 22. Ned5 Bxd5 23. Nxd5 Nxd5 24. exd5 Rxe1+ 25. Rxe1 g6 26. f5 Qd4
27. fxg6 {Nunes,L (1800)-Rodrigues,J (1779) Florianopolis 2024 1/2-1/2 (39)})
13. Nd5 Bb7 14. Qd3 Nxd5 15. Bxd5 Re8 16. Bd2 Qf6 17. Rac1 Nxd4 18. Bxb7 Rab8
19. Bd5 Re7 20. b3 a5 21. Nxd4 Bxd4 22. Qf3 Qg6 23. Qf5 Qg3 24. Be3 Bxe3 25.
Rxe3 Qh4 26. Rg3 1-0

[Event "II Criciúma Chess Open - A1700 - 12-18"]
[Site "Criciúma SC"]
[Date "2024.01.14"]
[Round "4.13"]
[White "Borges, Guilherme Deola"]
[Black "Gomes, Maria Eduarda Papin"]
[Result "1-0"]
[WhiteElo "2142"]
[BlackElo "1744"]
[PlyCount "59"]
[EventDate "2024.01.12"]
[EventRounds "9"]
[EventCountry "BRA"]

1. e4 d5 2. exd5 Qxd5 3. Nc3 Qd6 4. g3 Nf6 5. Bg2 a6 6. Nf3 Bg4 7. h3 Bh5 8. d3
Nc6 9. g4 Bg6 10. Nh4 e5 $146 ({RR} 10... O-O-O 11. Be3 e6 12. Qd2 Qe5 13. f4
Qa5 14. a3 Bc5 15. O-O Bxe3+ 16. Qxe3 Nd4 17. Rf2 Qc5 18. Re1 c6 19. Qd2 Ne8
20. b4 Qe7 21. Nxg6 hxg6 22. Na4 Rh4 23. Nb6+ Kc7 24. Nc4 Nd6 25. Nxd6 {
Lubbe,M (2315)-Rolle,E (2240) Germany 2013 1-0 (42)}) 11. Be3 O-O-O 12. Nxg6
hxg6 13. Qf3 Qb4 14. O-O Nd4 15. Bxd4 exd4 16. Ne2 c6 17. a3 Qe7 18. b4 Qc7 19.
g5 Nh5 20. b5 axb5 21. a4 b4 22. a5 Bc5 23. a6 Ba7 24. axb7+ Kxb7 25. Rfb1 Bc5
26. Ra5 Rd5 27. Rba1 Rf5 28. Qg4 Re8 29. Rb5+ Kc8 30. Rxc5 1-0

[Event "II Criciúma Chess Open - A1700 - 12-18"]
[Site "Criciúma SC"]
[Date "2024.01.14"]
[Round "4.14"]
[White "Silva, Juliana Figueira Th"]
[Black "Burgos, Marcelo Alves"]
[Result "1/2-1/2"]
[WhiteElo "1747"]
[BlackElo "2130"]
[PlyCount "105"]
[EventDate "2024.01.12"]
[EventRounds "9"]
[EventCountry "BRA"]

1. d4 {Havasi,G} Nf6 2. c4 g6 3. Nc3 Bg7 4. e4 d6 5. h3 O-O 6. Be3 e5 7. d5 Na6
8. Nf3 Nc5 9. Nd2 a5 10. g4 c6 ({RR} 10... Nfd7 11. Rg1 Kh8 12. Qc2 Nb6 13. g5
f5 14. h4 f4 15. Bxc5 dxc5 16. Qd3) 11. Be2 Bd7 12. g5 Ne8 13. h4 ({RR} 13. Nb3
Nxb3 14. Qxb3 a4 15. Qc2 f5) 13... f6 ({RR} 13... Nc7 14. h5 Re8 15. hxg6 hxg6
16. Kf1 N7a6 17. a3 a4 18. Kg2) ({RR} 13... f5 14. h5 Rf7 15. hxg6 hxg6 16.
exf5 Bxf5) 14. Nb3 ({RR} 14. gxf6 Nxf6 {1-0 (14) Kardashevskiy,E (2429)-Sahin,
O (2266) Novi Sad SRB 2021}) 14... Nxb3 ({RR} 14... b6 15. Nxc5 bxc5 16. Qd2
fxg5 ({RR} 16... f5 17. O-O-O) 17. hxg5 cxd5 ({RR} 17... Qb6 18. O-O-O) 18.
Nxd5 Rf7 19. O-O-O Rb8 20. Rh2 Be6 21. Nc3 ({RR} 21. Qd3) 21... Qb6 22. Nb5 Bf8
23. a4 Qb7 ({RR} 23... Nc7) 24. Qc2 ({RR} 24. f3) 24... Be7 25. Kb1 Qc6 26. Bd2
Bd8 27. Qd3 Rbb7 28. Rf1 Rf8 29. f4 {Anand,V (2785)-Ponomariov,R (2717) Bilbao
2014 CBM 163 [Havasi,G] 1-0 (61)}) 15. Qxb3 a4 16. Nxa4 c5 $146 ({RR} 16...
Qa5+ 17. Nc3 c5 18. Bd2 Qd8 19. Rh2 Rf7 20. O-O-O fxg5 21. hxg5 Bf8 22. Kb1 Qc8
23. Rg1 Qd8 24. Nb5 Nc7 25. Bg4 Bxg4 26. Rxg4 Be7 27. Nc3 Qd7 28. Rgh4 Rb8 29.
Nb5 Bd8 30. a4 Ra8 31. Qd1 {Weber,M (2160)-Riegler,D (2075) Saarbruecken 2015
1-0 (59)}) 17. Nc3 Nc7 18. O-O-O f5 19. f3 f4 20. Bd2 Qb8 21. h5 Rf7 22. Rh2
Qe8 23. Rdh1 Ba4 24. Nxa4 Qxa4 25. Qxa4 Rxa4 26. a3 Rd7 27. Kc2 Rd8 28. Kc3 Rb8
29. Bd1 Ra7 30. a4 Na6 31. Kb3 Nc7 32. Be2 Rba8 33. Ra1 b6 34. Bf1 Kf7 35.
hxg6+ hxg6 36. Bc3 Kg8 37. Ra3 Bf8 38. Ra1 Bg7 39. Rh4 Kf7 40. Bh3 b5 41. Be6+
Kf8 42. cxb5 Nxb5 43. Ra2 Nd4+ 44. Bxd4 exd4 45. Rxf4+ Ke8 46. Rh4 Rb8+ 47. Kc2
c4 48. Rh2 Be5 49. f4 d3+ 50. Kb1 Bd4 51. e5 c3 52. Rh8+ Ke7 53. Rh7+ 1/2-1/2

[Event "II Criciúma Chess Open - A1700 - 12-18"]
[Site "Criciúma SC"]
[Date "2024.01.14"]
[Round "4.15"]
[White "Dias, Clara"]
[Black "Do Nascimento, Christian Almeida"]
[Result "0-1"]
[WhiteElo "1717"]
[BlackElo "2123"]
[PlyCount "82"]
[EventDate "2024.01.12"]
[EventRounds "9"]
[EventCountry "BRA"]

1. e4 c5 2. Nf3 g6 3. d4 cxd4 4. Nxd4 Bg7 5. c4 Nc6 6. Be3 Nf6 7. Nc3 O-O 8.
Be2 d6 9. O-O Bd7 10. Qd2 Ng4 11. Bxg4 Bxg4 12. h3 Bd7 13. f4 ({RR} 13. Rad1
Re8 14. Nxc6 Bxc6 15. Bd4 Qa5 16. Bxg7 Kxg7 17. Rfe1 Rac8 18. Re3 a6 19. Rde1
f6 20. a3 b5 21. b4 Qc7 22. cxb5 axb5 23. Nd5 Qb7 24. h4 Bxd5 25. exd5 Rc4 26.
g3 Rc7 27. Re6 Ra8 {Illescas Cordoba,M (2624)-Cifuentes Parada,R (2512) Merida
2005 1-0 (41)}) ({RR} 13. Rfd1 f5 14. exf5 gxf5 15. Nde2 Kh8 16. c5 Ne5 17.
cxd6 Rg8 18. Bg5 Bf6 19. Bxf6+ exf6 20. Ng3 Qb6 21. Qd4 Bc6 22. Nd5 Qxd4 23.
Rxd4 Bxd5 24. Rxd5 f4 25. Nh5 f3 26. g3 Nd7 27. Re1 Rac8 {Korneev,O (2524)
-Terentiev,S (2292) Hastings ENG 2019 1-0 (38)}) 13... a5 $146 ({RR} 13... Rc8
14. b3 b6 15. Rad1 Qe8 16. g4 f5 17. exf5 gxf5 18. g5 Qh5 19. Kh2 Kh8 20. Rfe1
Rf7 21. Nde2 h6 22. Rg1 Ne5 23. fxe5 f4 24. Nxf4 Rxf4 25. Rg3 Rh4 26. Bf4 Rxh3+
27. Rxh3 Qxh3+ 28. Kg1 {Bjeloglav,M (2019)-Raeva,E (2194) Budva 2003 0-1 (32)})
({RR} 13... Rc8 14. b3 Qa5 15. Rad1 Rfe8 16. Nd5 Qxd2 17. Rxd2 Nxd4 18. Bxd4
Bxd4+ 19. Rxd4 b5 20. cxb5 Bxb5 21. Rf2 Rc1+ 22. Kh2 Bc6 23. f5 Bxd5 24. exd5
Rec8 25. f6 R8c7 26. Rb4 exf6 27. Rxf6 {1/2-1/2 (27) Keene,R (2490)-Barua,D 
(2390) London 1983}) 14. b3 a4 15. Nd5 Nxd4 16. Bxd4 Bxd4+ 17. Qxd4 Bc6 18.
Rae1 axb3 19. axb3 Bxd5 20. exd5 Qd7 21. Rf3 Rfe8 22. f5 b5 23. fxg6 hxg6 24.
Ref1 Rf8 25. Kh1 bxc4 26. bxc4 Ra4 27. Rf4 Qa7 28. Qe4 Ra1 29. Qf3 Rxf1+ 30.
Qxf1 Qe3 31. Rf2 Qd4 32. Rf4 Qe5 33. Qc1 Ra8 34. Rf1 Ra2 35. Qf4 Qxf4 36. Rxf4
Rc2 37. Re4 Kf8 38. g4 g5 39. Kg1 Ke8 40. Kf1 Kd7 41. Kg1 e5 0-1

[Event "II Criciúma Chess Open - A1700 - 12-18"]
[Site "Criciúma SC"]
[Date "2024.01.14"]
[Round "4.16"]
[White "Mariani, Daniel Brandao"]
[Black "Mariano, Kaiki Pereira"]
[Result "1-0"]
[WhiteElo "2040"]
[BlackElo "1700"]
[PlyCount "59"]
[EventDate "2024.01.12"]
[EventRounds "9"]
[EventCountry "BRA"]

1. e4 c6 2. d4 d5 3. exd5 cxd5 4. c4 Nc6 5. Nf3 Nf6 6. Nc3 e6 7. cxd5 Nxd5 8.
Bd3 Be7 9. O-O O-O 10. Re1 Nxc3 11. bxc3 Bf6 12. Qe2 ({RR} 12. h4 Bxh4 13. Nxh4
Qxh4 14. Re4 Qe7 15. Qh5 g6 16. Qh6 f5 17. Rh4 Re8 18. Rh3 Bd7 19. Bg5 Qf7 20.
Re1 Rac8 21. Ree3 Ne7 22. Rh4 f4 23. Bxf4 Rxc3 24. Bxg6 Rc1+ 25. Kh2 Nxg6 26.
Rg3 Rc6 {Hebden,M (2542)-Macak,S (2384) Sunningdale 2007 1-0}) ({RR} 12. h4
Bxh4 13. Nxh4 Qxh4 14. Re4 Qd8 15. Qh5 g6 16. Qh6 f5 17. Bg5 Qe8 18. Re3 Qf7
19. Rae1 Bd7 20. d5 Nd8 21. Bxd8 Raxd8 22. dxe6 Bxe6 23. Rxe6 Rxd3 24. Re7 Rd1
25. Qe3 Rxe1+ 26. Qxe1 Qd5 {Seymour,T (2107)-Lee,Q (2228) London ENG 2019 1/
2-1/2}) 12... g6 13. Bh6 Bg7 14. Bg5 $146 ({RR} 14. Qd2 Re8 15. Rad1 b6 16. Re4
Bf6 17. h4 Bb7 18. Rg4 Ne7 19. Ne5 Nf5 20. h5 Rc8 21. hxg6 hxg6 22. Bg5 Bxg5
23. Rxg5 Kg7 24. Re1 Rxc3 25. Bxf5 exf5 26. Rh5 gxh5 27. Qxc3 Qd5 28. Qg3+ Kf8
{Zumsande,M (2316)-Schuster,M (2103) Neumuenster 1999 1/2-1/2 (54)}) ({RR} 14.
Bxg7 Kxg7 15. Be4 Bd7 16. c4 Qf6 17. Bxc6 Bxc6 18. Ne5 Rfd8 19. Rad1 h5 20. Rd3
Qh4 21. g3 Qe7 22. Qb2 Be8 23. d5 Kg8 24. Rde3 Qd6 25. dxe6 Qxe6 26. Qxb7 Qc8
27. Qe7 Rb8 28. Nxg6 Qxc4 {Dragojlovic,A (2335)-Danchevski,O (2300) Vrbas 1994
1-0 (37)}) 14... Bf6 15. h4 b6 16. Be4 Bb7 17. Ne5 Bxg5 18. Bxc6 Bxc6 19. hxg5
Qd5 20. f3 Rae8 21. Qd2 f6 22. gxf6 Rxf6 23. Ng4 Rxf3 24. Re5 Rd3 25. Qe2 Qc4
26. Nf6+ Kh8 27. Nxe8 Qxc3 28. Rf1 Bxe8 29. Qf2 h5 30. Rxe6 1-0

[Event "II Criciúma Chess Open - A1700 - 12-18"]
[Site "Criciúma SC"]
[Date "2024.01.14"]
[Round "4.17"]
[White "Lima, Kleyton Alcantara"]
[Black "Jenidarchiche, Douglas Rodrigo"]
[Result "1/2-1/2"]
[WhiteElo "2119"]
[BlackElo "1845"]
[PlyCount "112"]
[EventDate "2024.01.12"]
[EventRounds "9"]
[EventCountry "BRA"]

1. e4 e5 2. Nf3 Nc6 3. Bb5 a6 4. Ba4 Nf6 5. O-O Be7 6. d3 d6 7. c3 Bg4 8. Re1
O-O 9. Nbd2 Nd7 10. h3 Bh5 11. Nf1 Nc5 12. Bc2 Ne6 13. Ng3 Bxf3 14. Qxf3 Bg5
15. Nf5 Bxc1 16. Raxc1 Qg5 $146 ({RR} 16... g6 17. Ne3 a5 18. Rcd1 a4 19. a3
Qh4 20. Bb1 h5 21. Nd5 Kg7 22. Qe3 Rae8 23. d4 Ne7 24. dxe5 dxe5 25. Bc2 b5 26.
Nb4 Rd8 27. Nd3 Qf6 28. Nc5 Rfe8 29. Nxe6+ Qxe6 30. Qc5 c6 31. Rxd8 {
Gabrielian,A (2554)-Kryvoruchko,Y (2666) Plovdiv 2012 1/2-1/2 (86)}) ({RR} 
16... Qf6 17. Qe2 Ne7 18. Ne3 g6 19. Rcd1 h5 20. Qd2 Rad8 21. d4 Qg5 22. Bb3
Kh7 23. Kh1 Qh4 24. Bxe6 fxe6 25. f3 Qf6 26. Qe2 {1/2-1/2 (26) Urazayev,A 
(2442)-Utegaliyev,A (2503) Almaty KAZ 2019}) ({RR} 16... Ne7 17. d4 exd4 18.
Nxd4 c5 19. Nxe6 fxe6 20. Qg4 Qd7 21. Bb3 Rf6 22. Rcd1 Ng6 23. e5 Rf4 24. Bxe6+
Kh8 25. Bxd7 Rxg4 26. Bxg4 Nxe5 27. Rxd6 Nxg4 28. hxg4 {1-0 (28) Simon,O (2293)
-Diedler,F (1790) Paris 2003}) 17. Rcd1 g6 18. h4 Qf4 19. Qxf4 Nxf4 20. Ne3 Ne7
21. d4 Rad8 22. Rd2 Kg7 23. g3 Nh5 24. dxe5 dxe5 25. Red1 Nc6 26. Ng4 f6 27.
Rd7+ Rxd7 28. Rxd7+ Rf7 29. Rd5 Re7 30. Ne3 Kf7 31. Rc5 Rd7 32. Bb3+ Ke7 33.
Ba4 Rd6 34. Nc4 Re6 35. Bb3 b6 36. Rd5 b5 37. Ne3 Na5 38. Bc2 c6 39. Rd2 Rd6
40. Rxd6 Kxd6 41. Kf1 Ng7 42. Ke2 Ne6 43. f3 h6 44. Ng4 h5 45. Nxf6 Nf8 46. g4
Ke7 47. g5 Ne6 48. b3 Nf4+ 49. Kf2 Nh3+ 50. Kg3 Nf4 51. Kf2 Nh3+ 52. Ke3 Nf4
53. Bd3 Nb7 54. Bf1 Nc5 55. Ng8+ Kf7 56. Nf6 Ke7 1/2-1/2

[Event "II Criciúma Chess Open - A1700 - 12-18"]
[Site "Criciúma SC"]
[Date "2024.01.14"]
[Round "4.18"]
[White "Goncalves, Nata"]
[Black "Pereira, Marcelo Do Carmo"]
[Result "1-0"]
[WhiteElo "1998"]
[BlackElo "1742"]
[PlyCount "129"]
[EventDate "2024.01.12"]
[EventRounds "9"]
[EventCountry "BRA"]

1. e4 e5 2. Nf3 Nf6 3. d4 Nxe4 4. Bd3 d5 5. Nxe5 Bd6 6. O-O O-O 7. c4 c6 8. Nc3
Nxc3 9. bxc3 Nd7 10. Nxd7 Bxd7 ({RR} 10... Qxd7 11. cxd5 cxd5 12. Qh5 g6 13.
Qf3 Qc6 14. Bd2 Be6 15. Rab1 Rfb8 16. Rfe1 b5 17. h4 a6 18. h5 Qd7 19. Bh6 Bf5
20. Re3 Rb6 21. Rbe1 Bxd3 22. Rxd3 Bf8 23. Bxf8 Rxf8 24. Re5 Rd6 25. Rde3 {
Shankland,S (2638)-Stopa,J (2469) Las Vegas 2015 1-0 (38)}) 11. cxd5 cxd5 12.
Qh5 f5 13. Rb1 $146 ({RR} 13. Qf3 Be6 14. Bf4 Bxf4 15. Qxf4 Rc8 16. Rac1 Qf6
17. Rfe1 Rce8 18. Re5 a6 {1-0 (18) Staszewska,A-Kohut,A Krynica 1998}) ({RR} 
13. Qf3 Be6 14. Re1 Qf6 15. Bf4 Rad8 16. Rab1 b6 17. Rb5 g6 18. g3 Bf7 19. h4
Bxf4 20. Qxf4 Qd6 21. Qxd6 Rxd6 22. Re7 a6 23. Rb3 b5 24. Kf1 Rc8 25. Ke1 Re8
26. Rxe8+ Bxe8 27. Kd2 Kg7 {Hanif,M (1825)-Avik,S (1987) Dhaka 2017 1/2-1/2 
(42)}) ({RR} 13. Re1 Qc7 14. Bd2 Rf7 15. h3 b5 16. Qf3 Qc6 17. a4 bxa4 18. c4
dxc4 19. Qxc6 Bxc6 20. Bxc4 Kf8 21. Bxf7 Kxf7 22. Rec1 Bd7 23. Rcb1 Bc6 24. Bb4
Bxb4 25. Rxb4 a6 26. Rb6 Bb5 27. Rc1 Ra7 {Campos,E (2249)-Olape,B (2273) Abuja
2003 1/2-1/2 (58)}) ({RR} 13. Re1 Qf6 14. Bg5 Qf7 15. Qxf7+ Kxf7 16. c4 h6 17.
Bd2 dxc4 18. Bxc4+ Kf6 19. Reb1 b6 {1/2-1/2 (19) Cappello,R-Paoli,E Reggio
Emilia 1973}) 13... Qc7 14. Bd2 Rae8 15. Rfc1 Bf4 16. Bxf4 Qxf4 17. g3 Qd2 18.
Qd1 Qxd1+ 19. Rxd1 b6 20. Re1 f4 21. Rxe8 Bxe8 22. Re1 fxg3 23. hxg3 Bh5 24. f4
Rc8 25. Re3 h6 26. Kf2 Kf8 27. Ba6 Rc7 28. Ke1 Kf7 29. Kd2 Kf6 30. Re5 Bf7 31.
Be2 Be6 32. Bf3 Rc4 33. Bd1 Rc7 34. Kc2 g5 35. fxg5+ hxg5 36. Bf3 Rh7 37. Bxd5
Bxd5 38. Rxd5 Rh2+ 39. Kb3 Rg2 40. Rd7 Rxg3 41. Rxa7 Re3 42. Rb7 Re6 43. d5 Rd6
44. c4 g4 45. Rh7 Kf5 46. Rh1 g3 47. a4 Ke4 48. Kb4 g2 49. Rg1 Kf3 50. a5 bxa5+
51. Kxa5 Kf2 52. Rd1 Ke2 53. Rg1 Kf2 54. Rc1 g1=Q 55. Rxg1 Kxg1 56. Kb5 Kf2 57.
Kc5 Rd8 58. d6 Ke3 59. Kd5 Kf4 60. c5 Kf5 61. c6 Ra8 62. d7 Kf6 63. c7 Ra5+ 64.
Kc6 Ra6+ 65. Kb7 1-0

[Event "II Criciúma Chess Open - A1700 - 12-18"]
[Site "Criciúma SC"]
[Date "2024.01.14"]
[Round "4.19"]
[White "Bitencourt, Evandro Jose Dos S"]
[Black "Cunha E Silva, Carlos Alberto V."]
[Result "1/2-1/2"]
[WhiteElo "1863"]
[BlackElo "1984"]
[PlyCount "88"]
[EventDate "2024.01.12"]
[EventRounds "9"]
[EventCountry "BRA"]

1. d4 Nf6 2. c4 e6 3. Nc3 Bb4 4. Qc2 c5 5. dxc5 Bxc5 6. Nf3 O-O 7. e3 ({RR} 7.
e4 d6 8. Bd3 Nc6 9. a3 a5 10. O-O h6 11. h3 e5 12. Nd5 Nxd5 13. cxd5 Nd4 14.
Nxd4 Bxd4 15. Qe2 Qb6 16. Be3 Bxe3 17. Qxe3 Qxe3 18. fxe3 Bd7 19. Rac1 Rfc8 20.
Kf2 Kf8 21. Ke2 Ke7 {Rychagov,A (2558)-Laznicka,V (2602) playchess.com INT
2006 0-1 (52)}) ({RR} 7. g3 Nc6 8. a3 a5 9. Bg2 Qe7 10. O-O d6 11. Bf4 Bd7 12.
Rad1 Rfc8 13. Na4 e5 14. Nxc5 dxc5 15. Bg5 h6 16. Bxf6 gxf6 17. e3 Be6 18. Nh4
Rab8 19. Nf5 Bxf5 20. Qxf5 Nd8 21. Be4 Ne6 {Havanecz,B (2224)-Khokhlova,D 
(2134) chess.com INT 2021 1-0}) 7... b6 8. a3 Bb7 9. Bd3 d5 $146 ({RR} 9... Be7
10. b4 a5 11. b5 d6 12. Bb2 Nbd7 13. Ne4 Rc8 14. O-O d5 15. Nxf6+ Bxf6 16. Bxf6
Qxf6 17. Rac1 g6 18. Qe2 Nc5 19. cxd5 Bxd5 20. e4 Bb7 21. Bb1 Qf4 22. Qd2 Qxd2
23. Nxd2 Rfd8 24. Rfd1 {Van den Bosch,J-Steiner,E Budapest 1929 0-1 (32)}) ({RR
} 9... a5 10. b3 d5 11. cxd5 exd5 12. Na4 Nbd7 13. Bb2 Rc8 14. Qe2 Bd6 15. O-O
Nc5 16. Nxc5 bxc5 17. Ng5 h6 18. Bxf6 Qxf6 19. Nh7 Qe5 20. f4 Qc3 21. Rac1 Qxb3
22. Rb1 Qxa3 23. Rxb7 c4 24. Bf5 {Berta,K (2247)-Marodi,M (2163) Hungary 2007
0-1 (44)}) ({RR} 9... Be7 10. Bd2 d5 11. cxd5 exd5 12. Nd4 Nc6 13. Nxc6 Bxc6
14. Ne2 Rc8 15. Nd4 Bb5 16. Bc3 Bxd3 17. Qxd3 Ne4 18. Rc1 Qd7 19. O-O Nxc3 20.
Rxc3 Rxc3 21. Qxc3 Rc8 22. Qb3 Bf6 23. Rd1 Bxd4 24. Rxd4 {Berta,K (2160)-Nagy,
E (2310) Hungary 1997 0-1 (73)}) 10. cxd5 exd5 11. b4 Bd6 12. Nb5 Nc6 13. Nxd6
Qxd6 14. Bb2 Rac8 15. Qe2 Ne4 16. O-O f5 17. Rfd1 Qe7 18. Bc2 Qe8 19. Bb3 Ne7
20. Rac1 Qh5 21. Nd4 Qxe2 22. Nxe2 Rxc1 23. Rxc1 Rc8 24. Rxc8+ Bxc8 25. Nf4 Bb7
26. Ne6 Nd2 27. Ba4 g6 28. Nd8 Nc4 29. Bc1 Bc8 30. Nc6 Nxc6 31. Bxc6 Be6 32.
Kf1 Kf7 33. Ke2 Ke7 34. Ba4 Kd6 35. f4 Bd7 36. Bc2 Bb5 37. Kf3 a5 38. g4 Bd7
39. h3 d4 40. exd4 Kd5 41. bxa5 bxa5 42. Bb3 Kxd4 43. Bxc4 Kxc4 44. Bd2 a4
1/2-1/2

[Event "II Criciúma Chess Open - A1700 - 12-18"]
[Site "Criciúma SC"]
[Date "2024.01.14"]
[Round "4.20"]
[White "De Oliveira, Jairo Quintiliano"]
[Black "Frankental, David"]
[Result "1-0"]
[WhiteElo "1840"]
[BlackElo "1939"]
[PlyCount "119"]
[EventDate "2024.01.12"]
[EventRounds "9"]
[EventCountry "BRA"]

1. e4 e5 2. Nf3 Nc6 3. Bb5 a6 4. Bxc6 dxc6 5. Nc3 Bg4 6. h3 Bxf3 7. Qxf3 Nf6 8.
d3 Bb4 ({RR} 8... Qd6 9. g4 Be7 10. Be3 c5 11. O-O-O Nd7 12. g5 Qe6 13. Qg3 Bd6
14. h4 O-O-O 15. b3 Nb8 16. Qh3 Nc6 17. Rdf1 Rd7 18. f4 exf4 19. Bxf4 Bxf4+ 20.
Rxf4 Ne5 21. h5 Rhd8 22. Qxe6 fxe6 23. Rhf1 {Mastrovasilis,D (2559)-Bartel,M 
(2268) Warsaw 2007 1-0 (48)}) ({RR} 8... Bd6 9. a3 Qd7 10. Be3 h6 11. O-O-O c5
12. Ne2 O-O-O 13. Ng3 Qe6 14. Qf5 Rhf8 15. Rhf1 Nd7 16. Kb1 Kb8 17. f4 Qg6 18.
Qxg6 fxg6 19. f5 g5 20. Ne2 Be7 21. g4 Nf6 22. Ng3 b6 23. Rd2 {Litvinov,D 
(1843)-Rybachenok,V (1226) Chelyabinsk RUS 2019 1-0 (61)}) 9. O-O O-O 10. Ne2
Ne8 $146 ({RR} 10... Re8 11. Bg5 Be7 12. Rad1 h6 13. Be3 c5 14. Ng3 Bf8 15. Nf5
Re6 16. Qg3 Kh7 17. Bxc5 Nh5 18. Qf3 Bxc5 19. Qxh5 Qf8 20. Ne3 g6 21. Qf3 c6
22. Kh1 Qe7 23. g4 Rd8 24. Qg3 b5 25. Ng2 {Stanojoski,Z (2450)-Ciganovic,N 
(2209) Pula 2005 1-0 (41)}) ({RR} 10... Nd7 11. Qg4 Qe7 12. Bh6 f6 13. Ng3 Rf7
14. Nf5 Qf8 15. Be3 Kh8 16. a3 Bc5 17. Rae1 Rd8 18. Re2 Bxe3 19. fxe3 g6 20.
Ng3 Qe7 21. Rff2 Rg8 22. Kf1 b5 23. Kg1 a5 24. Re1 Nb6 25. Qd1 {Duda,J (2013)
-Karamsetty,J Vung Tau 2008 1-0 (89)}) 11. Ng3 g6 12. Be3 Bd6 13. Rad1 c5 14.
Bh6 Ng7 15. Qg4 Re8 16. Bxg7 Kxg7 17. Nf5+ Kh8 18. Ne3 Qe7 19. Qf3 c6 20. g4
Qe6 21. b3 Kg7 22. Qg3 Kh8 23. Kg2 Rg8 24. Kh2 Raf8 25. Qf3 f5 26. Qg2 f4 27.
Nc4 b5 28. Nd2 g5 29. Ra1 h5 30. a4 hxg4 31. Qxg4 Qh6 32. axb5 f3 33. bxa6 Rf4
34. Qg3 g4 35. a7 Rff8 36. Rg1 Ra8 37. Nxf3 Rg7 38. Nh4 Rh7 39. Nf5 Qxh3+ 40.
Qxh3 Rxh3+ 41. Kg2 Bf8 42. Rh1 Rxh1 43. Kxh1 Kg8 44. Kg2 Kf7 45. Kg3 Ke6 46.
Kxg4 Bd6 47. Ra6 Bc7 48. Rxc6+ Kd7 49. Ra6 Bd8 50. Nd6 Kc7 51. Nb5+ Kb7 52. Ra1
Bb6 53. Kf5 Rf8+ 54. Kxe5 Ka8 55. f4 Bd8 56. Ra6 c4 57. bxc4 Bb6 58. c5 Bd8 59.
f5 Rh8 60. Rb6 1-0

[Event "II Criciúma Chess Open - A1700 - 12-18"]
[Site "Criciúma SC"]
[Date "2024.01.14"]
[Round "4.21"]
[White "Pedroso, Denian"]
[Black "Cardoso, Lucas Emanuel Alves"]
[Result "1-0"]
[WhiteElo "1924"]
[BlackElo "1710"]
[PlyCount "71"]
[EventDate "2024.01.12"]
[EventRounds "9"]
[EventCountry "BRA"]

1. e4 c5 2. c3 d5 3. exd5 Qxd5 4. d4 e6 5. Nf3 Nf6 6. Be2 cxd4 7. cxd4 Be7 8.
Nc3 Qd8 9. O-O O-O 10. Bf4 Nc6 11. Re1 ({RR} 11. Qa4 Bd7 12. Rfd1 Rc8 13. Rac1
Qb6 14. Qc2 Rfd8 15. Qb1 Be8 16. Be3 Ng4 17. Qe4 Nxe3 18. Qxe3 Bf6 19. d5 Qxe3
20. fxe3 Nb4 21. Nd4 exd5 22. Bf3 Kf8 23. a3 Nc6 24. Nce2 Nxd4 25. Nxd4 Ba4 {
Anka,E (2400)-Horvath,J (2510) Hungary 1989 1/2-1/2 (41)}) ({RR} 11. Qd2 a6 12.
Rfd1 b6 13. Rac1 Bb7 14. d5 exd5 15. Nxd5 Nxd5 16. Qxd5 Qxd5 17. Rxd5 Bc5 18.
Rd7 Bc8 19. Rc7 Nb4 20. Bc4 Be6 21. a3 Nd5 22. Bxd5 Bxd5 23. Ne5 Be6 24. Nd7
Bxd7 25. Rxd7 Rfd8 {Hardaway,B-Ilamparthi,A (1492) Pocos de Caldas 2017 0-1 
(52)}) 11... Nb4 $146 ({RR} 11... b6 12. Qd2 Bb7 13. Rad1 Nb4 14. Ne5 Rc8 15.
a3 Nbd5 16. Bd3 Nxf4 17. Qxf4 Bxa3 18. bxa3 Rxc3 19. Qh4 h6 20. a4 Nd5 21. Qe4
f5 22. Qf3 Ba8 23. Qe2 Nf4 24. Qb2 Bxg2 25. Qxc3 Qg5 26. Bxf5 {Guilleux,F 
(2313)-Shchekachev,A (2532) Livry Gargan 2009 0-1 (38)}) ({RR} 11... a6 12. a3
b5 13. Rc1 Bb7 14. Bd3 g6 15. Bh6 Re8 16. Be4 Nxe4 17. Nxe4 Na5 18. Nc5 Bd5 19.
Ne5 Nc4 20. Nxc4 bxc4 21. Na4 Rb8 22. Qd2 Bd6 23. Bg5 Qc7 24. h3 Qc6 25. Qc2
Bxg2 26. Qxc4 {Plenca,J (1762)-Brenc,T (2079) Rijeka 2010 0-1 (37)}) 12. Ne5
Nbd5 13. Bg3 a6 14. Bf3 Re8 15. Qb3 h6 16. Rac1 Nxc3 17. bxc3 Bd6 18. c4 Bxe5
19. Bxe5 Nd7 20. Bg3 e5 21. c5 exd4 22. Rxe8+ Qxe8 23. c6 Nc5 24. Qb4 Nd3 25.
cxb7 Bxb7 26. Qxb7 Rd8 27. Rb1 Nc5 28. Qc6 Qe7 29. h3 d3 30. Rb8 Rxb8 31. Bxb8
Ne6 32. Qc8+ Nf8 33. Qc3 Qd8 34. Bf4 Ne6 35. Be3 f5 36. Qb3 1-0

[Event "II Criciúma Chess Open - A1700 - 12-18"]
[Site "Criciúma SC"]
[Date "2024.01.14"]
[Round "4.22"]
[White "Ribeiro, Dionatan Lua Franze"]
[Black "Schena, Arthur"]
[Result "0-1"]
[WhiteElo "1820"]
[BlackElo "1878"]
[PlyCount "76"]
[EventDate "2024.01.12"]
[EventRounds "9"]
[EventCountry "BRA"]

1. e4 g6 2. d4 Bg7 3. Nf3 d6 4. Bc4 Nf6 5. Nbd2 Nxe4 6. Bxf7+ Kxf7 7. Nxe4 h6
8. c3 e6 $146 ({RR} 8... d5 9. Nc5 b6 10. Nd3 Nd7 11. O-O Ba6 12. Re1 Bxd3 13.
Qxd3 e6 14. Bf4 g5 15. Be5 Bf6 16. Bxf6 Qxf6 17. Ne5+ Nxe5 18. Rxe5 Qg6 19.
Qxg6+ Kxg6 20. Rxe6+ Kf7 21. Rae1 Rhe8 22. Rxe8 Rxe8 23. Rxe8 {Moncayo Silva,P
(1912)-Martinez Diaz,J Buenos Aires 2015 1-0 (34)}) 9. h4 Nd7 10. h5 g5 11. Qd3
Nf6 12. Ng3 Ke7 13. Qg6 Qf8 14. Bd2 Bd7 15. O-O-O Bc6 16. Rhe1 Kd7 17. c4 Re8
18. Bb4 Kc8 19. Ne5 Bxg2 20. Qc2 Rg8 21. f3 Bh3 22. Qa4 Kb8 23. Ne4 Rd8 24. Nc3
Qe8 25. Nb5 a6 26. Qa5 axb5 27. cxb5 dxe5 28. Bc5 Nd5 29. Kb1 b6 30. Qa6 Qd7
31. Ka1 Qc8 32. Qa4 Bf5 33. dxe5 Qb7 34. Bf2 Nf4 35. Bd4 Rd5 36. Be3 Nd3 37.
Re2 Bxe5 38. Bc1 Nc5 0-1